| 000 | 01519nam a22002657a 4500 | ||
|---|---|---|---|
| 999 |
_c1568 _d1568 |
||
| 003 | CoMeUDC | ||
| 005 | 20220608155011.0 | ||
| 008 | 220608b ||||| |||| 00| 0 eng d | ||
| 020 | _a9586960358 | ||
| 040 | _cCO-UdeC | ||
| 082 |
_a510 _bC387 |
||
| 100 |
_92107 _aCeballos C., Fabio |
||
| 245 |
_aMatemática operativa : _bálgebra, geometría, trigonometría / _cFabio Ceballos C. ; Gabriel Betancur R. |
||
| 260 |
_aMedellín : _bEditorial Universidad Pontificia Bolivariana, _c2002. |
||
| 300 |
_a 302 p. : _bil., _c24 cm. |
||
| 505 | _aProductos notables y factorización -- Operaciones con fracciones -- Potenciación y radicación -- Sistemas de ecuaciones lineales -- La ecuación cuadrática -- Ecuaciones de la forma cuadrática -- Ecuaciones con radicales -- Problemas que conducen a ecuaciones -- Ecuaciones polinomiales -- Fracciones parciales -- Función exponencial y logarítmica -- Progresiones aritméticas y geométricas -- Nociones de geometría -- Triángulos -- Polígonos -- Cuadriláteros -- La circunferencia -- Areas de figuras planas -- Sólidos geométricos -- Cuerpos redondos -- Proporcionalidad -- Ejercicios sobre ángulos y triángulos -- Ejercicios sobre áreas y volúmenes -- Nociones de trigonometría | ||
| 546 | _aEspañol. | ||
| 650 | 0 |
_92108 _aEcuaciones lineales |
|
| 650 | 0 |
_91345 _aTrigonometría |
|
| 650 | 0 |
_91627 _aGeometría |
|
| 650 | 0 |
_92109 _aMatemáticas operativas |
|
| 650 | 0 |
_91373 _aÁlgebra |
|
| 700 |
_92110 _aBetancur R., Gabriel |
||
| 942 |
_2ddc _cBK |
||